000 00544nam a2200169 a 4500
001 000009962
005 20211025112953.0
008 091002s1994 dr a 000 0 spa d
040 _aDO-SdBNP
_bspa
_cBNPHU
082 _axxx
_bC822c
110 2 _aCorporación Dominicano de Electricidad
_916035
245 1 0 _aCentrales hidroeléctricas de la Coporación Dominicana de Electricidad.
260 _aSanto Domingo :
_bC.D.E.,
_c1994.
300 _a69 P. :
_bil. ;
_c22 cm.
710 2 _aCorporación Dominicano de Electricidad
_916035
049 _aBNPD
999 _c9721
_d9721